| 000 | 00654nam a2200205Ia 4500 | ||
|---|---|---|---|
| 003 | OSt | ||
| 005 | 20241127103033.0 | ||
| 008 | 210210b1983 xxu||||| |||| 00| 0 eng d | ||
| 040 | _cAL | ||
| 041 | _aKannada | ||
| 082 | _aK894.9 LILD | ||
| 100 |
_aLILAVATI (S Rao). _dಲೀಲಾವತಿ (ಎಸ್ ರಾವ್) _9186762 |
||
| 245 |
_aDasa sahityadalli kelavu notagalu. _bದಾಸ ಸಾಹಿತ್ಯದಲ್ಲಿ ಕೆಲವು ನೋಟಗಳು. |
||
| 260 |
_aKinnigoli _bYugapurusha Prakatanalaya _c1983 |
||
| 300 | _a102 | ||
| 650 |
_aDasa Sahitya _9186763 |
||
| 690 |
_aKannada Criticism _9186764 |
||
| 906 | _a036713 | ||
| 942 |
_2ddc _cBK |
||
| 999 |
_c86909 _d86909 |
||